000 00399pab a2200157 454500
008 180718b2004 xxu||||| |||| 00| 0 eng d
100 _aCanaleta, Carlos Gil
245 _aRegional economic disparities and decentralisation
260 _c2004
300 _ap.71-94.
362 _aJan
650 _aDecentralization
650 _aRegional disparities
773 _aUrban Studies
909 _a60000
999 _c60000
_d60000